000 00181 a2200097 4500
020 _a9786078927005
041 _aspa
100 _aDreams Art
245 _aKoto y el Agua
942 _cK
999 _c30488
_d30486